Dopad současné hospodářské recese na zaměstnance z cizích států, kteří působí na českém trhu práce

Česká ekonomika je malou otvorenou ekonomikou. Mieru jej otvorenosti možno charakterizovať vysokým podielom cudzích štátnych príslušníkov, ktorí sú ekonomicky aktívny na českom trhu práce. Na ich počet má výrazný vplyv aj súčasná hospodárska recesia. Stručná analýza celkového počtu cudzincov ekonomi...

Descripción completa

Guardado en:
Detalles Bibliográficos
Autor principal: Pavelka, Tomáš
Formato: Capítulo de libro
Lenguaje:checo
Materias:
Etiquetas: Agregar Etiqueta
Sin Etiquetas, Sea el primero en etiquetar este registro!

MARC

LEADER 00000nla$a2200000$$$4500
001 0117614
005 20231121095024.4
041 0 |a cze 
044 |a CZ 
245 1 0 |a Dopad současné hospodářské recese na zaměstnance z cizích států, kteří působí na českém trhu práce  |c Tomáš Pavelka 
520 |a Česká ekonomika je malou otvorenou ekonomikou. Mieru jej otvorenosti možno charakterizovať vysokým podielom cudzích štátnych príslušníkov, ktorí sú ekonomicky aktívny na českom trhu práce. Na ich počet má výrazný vplyv aj súčasná hospodárska recesia. Stručná analýza celkového počtu cudzincov ekonomicky aktívnych v Českej republike. 
610 2 0 |a recesia 
610 2 0 |a trh práce 
610 2 0 |a analýza ekonomická 
610 2 0 |a Česko 
610 2 0 |a cudzinci 
610 2 0 |a Európska únia 
610 2 0 |a pohyb síl pracovných medzinárodný 
100 1 |a Pavelka, Tomáš